00449nas a2200169 4500000000100000008004100001260001300042653001200055653002600067653001200093245005200105856005900157300001000216490000700226050003200233022001400265 1971 d c1971 Sep10aEngland10aHistory, 20th Century10aleprosy00aJames Arthur Kinnear Brown, C.M.G. (1902-1971). uhttp://leprev.ilsl.br/pdfs/1971/v42n3/pdf/v42n3a03.pdf a156-70 v42 aInfolep Library - available a0305-7518